000 00583nam a2200193Ia 4500
003 GCL
008 140319s9999 xx 000 0 ara d
040 _aGCL /
_cGCL
082 0 4 _a817.008
_bم ر
100 1 _aمحمود السعدنى
245 1 0 _aرحلات ابن عطوطة /
_cمحمود السعدنى
260 _a[S.N] :
_bمركز الاهرام للترجمة والنشر ،
_c1994
300 _a128 ص
490 _a
650 0 4 _aالقصص القصيرة
650 0 4 _aالعالم العربى
650 0 4 _aالسخرية فى الادب
942 _2ddc
_cBK
999 _c32653
_d32653